Derecho penal (Registro nro. 7827)
[ vista simple ]
| 000 -CABECERA | |
|---|---|
| Longitud fija campo de control | 00701cam a22002171 4500 |
| 001 - NÚMERO DE CONTROL | |
| Número de control | 9376582 |
| 003 - IDENTIFICADOR DELl NÚMERO DE CONTROL | |
| Identificador del número de control | OSt |
| 005 - FECHA Y HORA DE LA ÚLTIMA TRANSACCIÓN | |
| Fecha y hora de la última transacción | 20140310173627.0 |
| 008 - CÓDIGOS DE INFORMACIÓN DE LONGITUD FIJA | |
| Códigos de información de longitud fija | 850510s1980 arg spa |
| 040 ## - FUENTE DE LA CATALOGACIÓN | |
| Centro catalogador de origen | DLC |
| Centro transcriptor | BMC |
| Centro modificado | DLC |
| 082 ## - NÚMERO DE LA CLASIFICACIÓN DECIMAL DEWEY | |
| Númeroo de clasificación | 345.82 |
| 100 1# - PUNTO DE ACCESO PRINCIPAL-NOMBRE DE PERSONA | |
| 9 (RLIN) | 14971 |
| Nombre de persona | Fontán Balestra, Carlos |
| 245 10 - MENCIÓN DE TÍTULO | |
| Título | Derecho penal |
| Nombre de parte o sección de la obra | Parte especial |
| Mención de responsabilidad, etc. | Carlos Fontán Balestra ; con la colaboración de Mario I. Chichizola ; actualización realizada por Luis Darritchon |
| 250 ## - MENCIÓN DE EDICIÓN | |
| Mención de edición | 9ª ed |
| 260 ## - PUBLICACIÓN, DISTRIBUCIÓN, ETC. (PIE DE IMPRENTA) | |
| Lugar de publicación, distribución, etc. | Buenos Aires |
| Nombre del editor, distribuidor, etc. | Abeledo-Perrot |
| Fecha de publicación, distribución, etc. | 1980 |
| 300 ## - DESCRIPCIÓN FÍSICA | |
| Extensión | 743 p. |
| Dimensiones | 23 cm |
| 650 24 - PUNTO DE ACCESO ADICIONAL DE MATERIA - TÉRMINO DE MATERIA | |
| Término de materia o nombre geográfico como elemento inicial | Derecho penal |
| Subdivisión geográfica | Argentina |
| 9 (RLIN) | 6868 |
| 700 1# - PUNTO DE ACCESO ADICIONAL - NOMBRE DE PERSONA | |
| 9 (RLIN) | 15137 |
| Nombre de persona | Chichizola, Mario I. |
| 700 1# - PUNTO DE ACCESO ADICIONAL - NOMBRE DE PERSONA | |
| 9 (RLIN) | 15144 |
| Nombre de persona | Darritchon, Luis |
| 942 ## - ENTRADA DE ELEMENTOS AGREGADOS (KOHA) | |
| Fuente de clasificaión o esquema | Dewey Decimal Classification |
| Koha [por defecto] tipo de item | 1- Monografias |
| Suprimido | Perdido | Fuente de clasificación o esquema | Estropeado | Restricciones de uso | No para préstamo | Código de colección | Localización permanente | Localización actual | Localización en estanter&íacute;as | Fecha adquisición | Fuente de adquisición | Número de inventario | Préstamos totales | Signatura completa | Código de barras | Fecha última consulta | Coste, precio reemplazado | Fecha del precio de reemplazo | Tipo de item de Koha |
|---|---|---|---|---|---|---|---|---|---|---|---|---|---|---|---|---|---|---|---|
| NULL | NULL | Dewey Decimal Classification | NULL | Prestable | NULL | NULL | Biblioteca Miguel de Cervantes - UNICAES | Biblioteca Miguel de Cervantes - UNICAES | Sala Principal | 04/07/1992 | Donación - UNICO | 012315 | 345.82 FON der | 1012315 | 07/03/2014 | 18.00 | 07/03/2014 | 1- Monografias |